MARC details
| 000 -LEADER |
| fixed length control field |
02556cam a22003978i 4500 |
| 001 - CONTROL NUMBER |
| control field |
22254899 |
| 003 - CONTROL NUMBER IDENTIFIER |
| control field |
OSt |
| 005 - DATE AND TIME OF LATEST TRANSACTION |
| control field |
20260402092207.0 |
| 008 - FIXED-LENGTH DATA ELEMENTS--GENERAL INFORMATION |
| fixed length control field |
210927s2022 enk b 001 0 eng |
| 010 ## - LIBRARY OF CONGRESS CONTROL NUMBER |
| LC control number |
2021046383 |
| 020 ## - INTERNATIONAL STANDARD BOOK NUMBER |
| International Standard Book Number |
9780367724252 |
| Qualifying information |
(hardback) |
| 020 ## - INTERNATIONAL STANDARD BOOK NUMBER |
| International Standard Book Number |
9780367724245 |
| Qualifying information |
(paperback) |
| 020 ## - INTERNATIONAL STANDARD BOOK NUMBER |
| Canceled/invalid ISBN |
9781003154730 |
| Qualifying information |
(ebook) |
| 035 ## - SYSTEM CONTROL NUMBER |
| System control number |
22254899 |
| 040 ## - CATALOGING SOURCE |
| Original cataloging agency |
DLC |
| Language of cataloging |
eng |
| Description conventions |
rda |
| Transcribing agency |
DLC |
| 042 ## - AUTHENTICATION CODE |
| Authentication code |
pcc |
| 050 00 - LIBRARY OF CONGRESS CALL NUMBER |
| Classification number |
158.1 POH |
| 082 00 - DEWEY DECIMAL CLASSIFICATION NUMBER |
| Classification number |
158.1 POH |
| Edition number |
23 |
| 245 00 - TITLE STATEMENT |
| Title |
Cognitive illusions : |
| Remainder of title |
intriguing phenomena in judgement, thinking and memory / |
| Statement of responsibility, etc. |
edited by Rüdiger F. Pohl. |
| 250 ## - EDITION STATEMENT |
| Edition statement |
3rd edition. |
| 263 ## - PROJECTED PUBLICATION DATE |
| Projected publication date |
2203 |
| 264 #1 - PRODUCTION, PUBLICATION, DISTRIBUTION, MANUFACTURE, AND COPYRIGHT NOTICE |
| Place of production, publication, distribution, manufacture |
Abingdon, Oxon ; |
| -- |
New York, NY : |
| Name of producer, publisher, distributor, manufacturer |
Routledge, |
| Date of production, publication, distribution, manufacture, or copyright notice |
2022. |
| 300 ## - PHYSICAL DESCRIPTION |
| Extent |
pages cm |
| 336 ## - CONTENT TYPE |
| Content type term |
text |
| Content type code |
txt |
| Source |
rdacontent |
| 337 ## - MEDIA TYPE |
| Media type term |
unmediated |
| Media type code |
n |
| Source |
rdamedia |
| 338 ## - CARRIER TYPE |
| Carrier type term |
volume |
| Carrier type code |
nc |
| Source |
rdacarrier |
| 504 ## - BIBLIOGRAPHY, ETC. NOTE |
| Bibliography, etc. note |
Includes bibliographical references and index. |
| 520 ## - SUMMARY, ETC. |
| Summary, etc. |
"Cognitive Illusions explores a wide range of fascinating psychological effects in the way we think, judge and remember in our everyday lives. In this volume, Rüdiger F. Pohl brings together leading international researchers to define what cognitive illusions are and discuss their theoretical status: are such illusions proof of a faulty human information-processing system, or do they only represent by-products of otherwise adaptive cognitive mechanisms? The book describes and discusses 26 different cognitive illusions, with each chapter giving a profound overview of the respective empirical research including potential explanations, individual differences, and relevant applied perspectives. This edition has been thoroughly updated throughout, featuring new chapters on negativity bias, metacognition, and how we respond to fake news, along with detailed descriptions of experiments that can be used as classroom demonstration in every chapter. Demonstrating just how diverse cognitive illusions can be, it is a must read for all students and researchers of cognitive illusions, specifically, those focusing on thinking, reasoning, decision-making and memory"-- |
| Assigning source |
Provided by publisher. |
| 650 #0 - SUBJECT ADDED ENTRY--TOPICAL TERM |
| Topical term or geographic name entry element |
Errors. |
| 9 (RLIN) |
35088 |
| 650 #0 - SUBJECT ADDED ENTRY--TOPICAL TERM |
| Topical term or geographic name entry element |
Prejudices. |
| 9 (RLIN) |
35089 |
| 700 1# - ADDED ENTRY--PERSONAL NAME |
| Personal name |
Pohl, Rüdiger F., |
| Dates associated with a name |
1954- |
| Relator term |
editor. |
| 9 (RLIN) |
35090 |
| 776 08 - ADDITIONAL PHYSICAL FORM ENTRY |
| Relationship information |
Online version: |
| Title |
Cognitive illusions |
| Edition |
3rd edition. |
| Place, publisher, and date of publication |
Abingdon, Oxon ; New York, NY : Routledge, 2022 |
| International Standard Book Number |
9781003154730 |
| Record control number |
(DLC) 2021046384 |
| 906 ## - LOCAL DATA ELEMENT F, LDF (RLIN) |
| a |
7 |
| b |
cbc |
| c |
orignew |
| d |
1 |
| e |
ecip |
| f |
20 |
| g |
y-gencatlg |
| 942 ## - ADDED ENTRY ELEMENTS (KOHA) |
| Source of classification or shelving scheme |
Dewey Decimal Classification |
| Koha item type |
Book |